[Event "4NCL/Div2a/BARY vs. SAMS"]
[Site "Sunningdale ENG"]
[Date "2009.10.25"]
[Round "2.1"]
[White "Ynojosa, Felix Jose"]
[Black "Rendle, Thomas E"]
[Result "1/2-1/2"]
[WhiteElo "2197"]
[BlackElo "2382"]
[PlyCount "73"]
[EventDate "2009.10.25"]
[EventRounds "11"]
[EventCountry "ENG"]
[SourceDate "2009.10.24"]

1. e4 e6 2. d4 d5 3. e5 c5 4. c3 Qb6 5. Nf3 Nc6 6. a3 c4 7. Nbd2 Na5 8. Be2 Bd7
9. O-O h6 10. Re1 Ne7 11. Rb1 Qc7 12. Nf1 Nc8 13. Bf4 Nb6 14. h3 Be7 15. Qd2
Ba4 16. Bh2 O-O-O 17. Qf4 Rdf8 18. Ne3 Kb8 19. h4 Ka8 20. h5 Qd7 21. Qg4 Rhg8
22. Nd2 Nc6 23. Qh3 Bd8 24. Rf1 f5 25. exf6 gxf6 26. b3 cxb3 27. Nxb3 Bxb3 28.
Rxb3 Na5 29. Rb5 Nac4 30. Bxc4 dxc4 31. Rfb1 Qc6 32. Rc5 Qe4 33. Rf1 Be7 34.
Rc7 Bd8 35. Rc5 Be7 36. Rc7 Bd8 37. Rc5 1/2-1/2

[Event "4NCL/Div2a/BARY vs. SAMS"]
[Site "Sunningdale ENG"]
[Date "2009.10.25"]
[Round "2.2"]
[White "Roberson, Peter T"]
[Black "O'Toole, George E"]
[Result "1-0"]
[WhiteElo "2221"]
[BlackElo "2145"]
[PlyCount "49"]
[EventDate "2009.10.25"]
[EventRounds "11"]
[EventCountry "ENG"]
[SourceDate "2009.10.24"]

1. e4 e5 2. Nf3 Nc6 3. Bc4 Bc5 4. c3 Nf6 5. d4 exd4 6. cxd4 Bb4+ 7. Nbd2 Nxe4
8. d5 Nxd2 9. Bxd2 Qe7+ 10. Kf1 Qc5 11. Qe2+ Ne7 12. Re1 b5 13. Bb3 Bb7 14.
Bxb4 Qxb4 15. Ng5 Qd6 16. Ne4 Qe5 17. Qxb5 Rb8 18. Nc5 c6 19. Rxe5 cxb5 20. d6
Bc6 21. Rxe7+ Kd8 22. f3 b4 23. Kf2 Rb5 24. Rc1 Ra5 25. Bxf7 1-0

[Event "4NCL/Div2a/BARY vs. SAMS"]
[Site "Sunningdale ENG"]
[Date "2009.10.25"]
[Round "2.3"]
[White "Hodgson, John H"]
[Black "Adair, James"]
[Result "1/2-1/2"]
[WhiteElo "2180"]
[BlackElo "2138"]
[PlyCount "49"]
[EventDate "2009.10.25"]
[EventRounds "11"]
[EventCountry "ENG"]
[SourceDate "2009.10.24"]

1. e4 c5 2. Nf3 d6 3. d4 cxd4 4. Nxd4 Nf6 5. Nc3 a6 6. a4 Nc6 7. Be2 e5 8. Nb3
Be7 9. Bg5 O-O 10. Bxf6 Bxf6 11. Nd5 Bg5 12. a5 Be6 13. O-O Ne7 14. Nb6 Rb8 15.
Bg4 Nc6 16. Bxe6 fxe6 17. Qg4 Qe7 18. g3 Bf6 19. c3 Rbd8 20. Rad1 Rfe8 21. Rd3
Qc7 22. Rfd1 Nb8 23. Nd2 Nd7 24. Ndc4 Nxb6 25. Nxb6 1/2-1/2

[Event "4NCL/Div2a/BARY vs. SAMS"]
[Site "Sunningdale ENG"]
[Date "2009.10.25"]
[Round "2.4"]
[White "Williams, Samuel G"]
[Black "Sen, Subin"]
[Result "0-1"]
[WhiteElo "2198"]
[BlackElo "2098"]
[PlyCount "94"]
[EventDate "2009.10.25"]
[EventRounds "11"]
[EventCountry "ENG"]
[SourceDate "2009.10.24"]

1. d4 Nf6 2. c4 g6 3. Nc3 d5 4. Bf4 Bg7 5. e3 c6 6. Nf3 O-O 7. h3 Be6 8. c5 Ne4
9. Nxe4 dxe4 10. Nd2 Bd5 11. Bc4 Bxc4 12. Nxc4 Qd5 13. Rc1 Nd7 14. b4 g5 15.
Bh2 f5 16. Qb3 f4 17. O-O Kh8 18. Nd2 e5 19. Qxd5 cxd5 20. Nb3 exd4 21. Nxd4
Bxd4 22. exd4 Rf6 23. a4 a6 24. Ra1 Nf8 25. g3 Ne6 26. Rfd1 Rff8 27. Ra3 Kg7
28. Kf1 Kf6 29. Ke2 Kf5 30. Rc3 Rfc8 31. Rd2 f3+ 32. Kd1 g4 33. hxg4+ Kxg4 34.
Re3 Ng7 35. Kc2 Nf5 36. Re1 Rc6 37. Kc3 Rc7 38. Ra2 b6 39. a5 bxc5 40. dxc5 Rb8
41. Rd2 d4+ 42. Kc4 e3 43. Rb2 Rb5 44. Bg1 e2 45. Rb3 Rd7 46. Rd3 Rdb7 47. Rb3
d3 0-1

[Event "4NCL/Div2a/BARY vs. SAMS"]
[Site "Sunningdale ENG"]
[Date "2009.10.25"]
[Round "2.5"]
[White "Manley, Jon P"]
[Black "Ruston, Mark R"]
[Result "1-0"]
[WhiteElo "2146"]
[BlackElo "2099"]
[PlyCount "61"]
[EventDate "2009.10.25"]
[EventRounds "11"]
[EventCountry "ENG"]
[SourceDate "2009.10.24"]

1. e4 e6 2. d4 d5 3. Nc3 Nf6 4. Bg5 Be7 5. e5 Nfd7 6. h4 Bxg5 7. hxg5 Qxg5 8.
Qd3 g6 9. Nf3 Qe7 10. Qe3 Nc6 11. O-O-O Nb6 12. Rh6 Bd7 13. Be2 O-O-O 14. Rdh1
Na5 15. b3 Qa3+ 16. Kb1 Qb4 17. Ka1 Nc6 18. Nb1 a5 19. Rxh7 Rhf8 20. c3 Qe7 21.
Ng5 a4 22. Rg7 axb3 23. axb3 Na5 24. Ka2 Ba4 25. bxa4 Nac4 26. Bxc4 Nxc4 27.
Qc1 Qe8 28. Qc2 b5 29. Nd2 Kb7 30. Nxc4 dxc4 31. Ne4 1-0

[Event "4NCL/Div2a/BARY vs. SAMS"]
[Site "Sunningdale ENG"]
[Date "2009.10.25"]
[Round "2.7"]
[White "Farrand, Julian T"]
[Black "Varnam, Liam D"]
[Result "1/2-1/2"]
[WhiteElo "2103"]
[BlackElo "2174"]
[PlyCount "63"]
[EventDate "2009.10.25"]
[EventRounds "11"]
[EventCountry "ENG"]
[SourceDate "2009.10.24"]

1. d4 d5 2. Nc3 c5 3. dxc5 d4 4. Ne4 f5 5. Ng3 e5 6. e4 Bxc5 7. exf5 Nf6 8. Bc4
Qc7 9. Qd3 Nc6 10. a3 Bd7 11. Nf3 h6 12. O-O O-O-O 13. b4 Bd6 14. Nh4 e4 15.
Nxe4 Bxh2+ 16. Kh1 Ne5 17. Qh3 Nxe4 18. Bd3 Nxd3 19. cxd3 Be5 20. dxe4 Bb5 21.
Bd2 Bxf1 22. Rxf1 Kb8 23. Rc1 Qd6 24. Ng6 Rc8 25. Nxh8 Rxc1+ 26. Bxc1 Qc6 27.
Bd2 Qc2 28. f4 Bc7 29. Be1 Qxe4 30. Qh4 d3 31. Qf2 Qxf4 32. Qxf4 1/2-1/2

[Event "4NCL/Div2a/BARY vs. SAMS"]
[Site "Sunningdale ENG"]
[Date "2009.10.25"]
[Round "2.8"]
[White "Khoo, Selina"]
[Black "Wells, Daniel J"]
[Result "1-0"]
[WhiteElo "1981"]
[BlackElo "2014"]
[PlyCount "73"]
[EventDate "2009.10.25"]
[EventRounds "11"]
[EventCountry "ENG"]
[SourceDate "2009.10.24"]

1. e4 c5 2. Nf3 Nc6 3. Bb5 g6 4. O-O Bg7 5. c3 Nf6 6. Re1 O-O 7. d4 cxd4 8.
cxd4 a6 9. Ba4 b5 10. Bb3 d6 11. a4 Bg4 12. Qd3 Bxf3 13. gxf3 Nh5 14. Be3 Qd7
15. axb5 Nb4 16. Qd2 Qxb5 17. Nc3 Qd7 18. Nd5 Nxd5 19. Bxd5 Ra7 20. Bc4 Qh3 21.
Qe2 Qh4 22. Rxa6 Rb7 23. Qd2 Qh3 24. Be2 f5 25. exf5 gxf5 26. Bc4+ Kh8 27. Bd5
Rbb8 28. Bg5 Bf6 29. f4 h6 30. Bg2 Qb3 31. Bxh6 Rg8 32. Qc3 Qb7 33. Rc6 Rg4 34.
Kh1 Rbg8 35. Bd5 R8g6 36. Rc8+ Kh7 37. Bxb7 1-0

[Event "4NCL/Div2a/KHE vs. WES1"]
[Site "Sunningdale ENG"]
[Date "2009.10.25"]
[Round "2.1"]
[White "McMichael, Richard J"]
[Black "Lock, Gavin R"]
[Result "1/2-1/2"]
[WhiteElo "2286"]
[BlackElo "2188"]
[PlyCount "29"]
[EventDate "2009.10.25"]
[EventRounds "11"]
[EventCountry "ENG"]
[SourceDate "2009.10.24"]

1. c4 c6 2. g3 d5 3. Bg2 Nf6 4. d4 Bf5 5. Nc3 e6 6. Nf3 Nbd7 7. cxd5 cxd5 8.
O-O Be7 9. Nh4 Bg4 10. h3 Bh5 11. f4 Ne4 12. Bxe4 Bxh4 13. Bf3 Bxf3 14. Rxf3
Bf6 15. Be3 1/2-1/2

[Event "4NCL/Div2a/KHE vs. WES1"]
[Site "Sunningdale ENG"]
[Date "2009.10.25"]
[Round "2.2"]
[White "Yeo, Michael J"]
[Black "Kwiatkowski, Feliks J"]
[Result "1/2-1/2"]
[WhiteElo "2153"]
[BlackElo "2248"]
[PlyCount "77"]
[EventDate "2009.10.25"]
[EventRounds "11"]
[EventCountry "ENG"]
[SourceDate "2009.10.24"]

1. e4 c5 2. Nf3 Nc6 3. d4 cxd4 4. Nxd4 Nf6 5. Nc3 e5 6. Ndb5 d6 7. Bg5 a6 8.
Na3 b5 9. Bxf6 gxf6 10. Nd5 f5 11. Bd3 Be6 12. c3 Bg7 13. Nxb5 axb5 14. Bxb5
Bd7 15. exf5 O-O 16. O-O e4 17. a4 Re8 18. Re1 Re5 19. Ne3 Ne7 20. Bxd7 Qxd7
21. f6 Bxf6 22. Qg4+ Qxg4 23. Nxg4 Re6 24. Nxf6+ Rxf6 25. Rxe4 Re6 26. Rxe6
fxe6 27. a5 Nd5 28. Kf1 Kf7 29. Ke2 Ke7 30. Kd3 Kd7 31. c4 Nc7 32. b4 d5 33. f4
dxc4+ 34. Kxc4 Kc6 35. Re1 Kd6 36. Ra1 Kc6 37. Re1 Kd6 38. Ra1 Kc6 39. Re1
1/2-1/2

[Event "4NCL/Div2a/KHE vs. WES1"]
[Site "Sunningdale ENG"]
[Date "2009.10.25"]
[Round "2.3"]
[White "Whiteley, Andrew J"]
[Black "Simons, Martin J"]
[Result "1-0"]
[WhiteElo "2292"]
[BlackElo "2200"]
[PlyCount "109"]
[EventDate "2009.10.25"]
[EventRounds "11"]
[EventCountry "ENG"]
[SourceDate "2009.10.24"]

1. d4 Nf6 2. c4 c5 3. d5 b5 4. cxb5 a6 5. bxa6 g6 6. Nc3 Bxa6 7. Nf3 d6 8. g3
Bg7 9. Bg2 O-O 10. O-O Nbd7 11. Qc2 Qb6 12. Rd1 Rfb8 13. Rb1 Ne8 14. Bd2 Nc7
15. b3 Nb5 16. Nxb5 Bxb5 17. Be3 Qa6 18. Rd2 Qa3 19. Qe4 Re8 20. Rbd1 Ba6 21.
Rc2 Rab8 22. Bc1 Qb4 23. Qxb4 Rxb4 24. Ba3 Rb7 25. Kf1 Reb8 26. Bb2 Bxb2 27.
Rxb2 Nb6 28. Rc2 Na8 29. Ke1 Nc7 30. e3 Kg7 31. Nd2 Rb4 32. Bf1 Bxf1 33. Nxf1
Nb5 34. Nd2 Na3 35. Rc3 Kf6 36. Ke2 Ra8 37. Rcc1 h6 38. f4 Ra7 39. Kd3 Ra8 40.
Re1 Ra7 41. Re2 Kg7 42. Nc4 Kf6 43. Nxa3 Rxa3 44. h3 Rb7 45. Rcc2 Rb4 46. Rc4
Rb7 47. e4 Rba7 48. e5+ Kg7 49. Rcc2 R7a6 50. g4 R6a4 51. Re4 Ra7 52. f5 Rxa2
53. f6+ Kf8 54. Rxa2 Rxa2 55. Ra4 1-0

[Event "4NCL/Div2a/KHE vs. WES1"]
[Site "Sunningdale ENG"]
[Date "2009.10.25"]
[Round "2.4"]
[White "Kawuma, Steven Male"]
[Black "Spivack, Simon SY"]
[Result "0-1"]
[WhiteElo "2187"]
[BlackElo "2176"]
[PlyCount "110"]
[EventDate "2009.10.25"]
[EventRounds "11"]
[EventCountry "ENG"]
[SourceDate "2009.10.24"]

1. e4 e5 2. Nf3 Nc6 3. Bb5 a6 4. Ba4 Nf6 5. d3 d6 6. c3 b5 7. Bc2 Be7 8. Nbd2
O-O 9. Nf1 d5 10. Qe2 Re8 11. h3 a5 12. g4 d4 13. Ng3 a4 14. a3 Nd7 15. Nf5 Nc5
16. Bd2 Bf8 17. cxd4 Nxd4 18. N5xd4 exd4 19. Bb4 Ra6 20. Rg1 Ne6 21. Bxf8 Rxf8
22. Qd2 Qf6 23. Rg3 c5 24. g5 Qe7 25. Kf1 Rd8 26. h4 c4 27. h5 Qc5 28. Kg2 Qc7
29. Kf1 Nc5 30. Rd1 Be6 31. Kg2 cxd3 32. Bxd3 Bc4 33. Bb1 d3 34. Qe3 Ne6 35.
Rg4 Rad6 36. Nd2 Qd7 37. Rg3 Nd4 38. f3 f5 39. gxf6 Rxf6 40. Bxd3 Be6 41. Qg5
Kh8 42. Nb1 Bb3 43. Bxb5 Qf7 44. Rd2 h6 45. Qh4 Rfd6 46. e5 Rd5 47. Bd3 Ne6 48.
Rg4 Rxd3 49. Rf2 R8d4 50. Nc3 Nf4+ 51. Kg3 Nxh5+ 52. Kg2 Nf4+ 53. Kg3 Ng6 54.
Rxd4 Nxh4 55. Rxd3 Qg6+ 0-1

[Event "4NCL/Div2a/KHE vs. WES1"]
[Site "Sunningdale ENG"]
[Date "2009.10.25"]
[Round "2.5"]
[White "Thomas, Rik H"]
[Black "Kawuma, Moses"]
[Result "1/2-1/2"]
[WhiteElo "2220"]
[BlackElo "2178"]
[PlyCount "56"]
[EventDate "2009.10.25"]
[EventRounds "11"]
[EventCountry "ENG"]
[SourceDate "2009.10.24"]

1. c4 c5 2. Nc3 Nf6 3. g3 e6 4. Nf3 Be7 5. Bg2 O-O 6. d4 d5 7. cxd5 Nxd5 8. O-O
cxd4 9. Nxd5 Qxd5 10. Nxd4 Qd8 11. Be3 Bf6 12. Qa4 Bd7 13. Qb3 Nc6 14. Nxc6
Bxc6 15. Bxc6 bxc6 16. Rfd1 Qb8 17. Rac1 Qxb3 18. axb3 Rfb8 19. Rd3 Bxb2 20.
Rxc6 Rb7 21. Ra6 h6 22. Bc5 Bf6 23. e4 Be7 24. Be3 Kf8 25. Kg2 Ke8 26. h3 Bf6
27. g4 Bd8 28. Kf3 Bg5 1/2-1/2

[Event "4NCL/Div2a/KHE vs. WES1"]
[Site "Sunningdale ENG"]
[Date "2009.10.25"]
[Round "2.6"]
[White "Jenks, Bruce"]
[Black "Mackenzie, Colin"]
[Result "0-1"]
[WhiteElo "2127"]
[BlackElo "2120"]
[PlyCount "74"]
[EventDate "2009.10.25"]
[EventRounds "11"]
[EventCountry "ENG"]
[SourceDate "2009.10.24"]

1. d4 e6 2. Nf3 Nf6 3. Bg5 Be7 4. e3 d6 5. Nbd2 Nbd7 6. Be2 O-O 7. O-O c5 8. c3
b6 9. h3 Bb7 10. Re1 Re8 11. Qc2 Rc8 12. Rad1 Qc7 13. Bf4 Qb8 14. Nc4 b5 15.
Na5 Be4 16. Qd2 c4 17. b4 cxb3 18. axb3 Nd5 19. Bxb5 Qxb5 20. c4 Qb6 21. cxd5
Rc2 22. dxe6 fxe6 23. Nc4 Rxd2 24. Nfxd2 Qb7 25. f3 d5 26. fxe4 dxc4 27. bxc4
e5 28. Bg3 exd4 29. exd4 Qb4 30. Bf4 Bh4 31. Re2 Nb6 32. Rc1 Qb2 33. Rb1 Qxd4+
34. Kh2 Qd3 35. c5 Qxe2 36. cxb6 axb6 37. Rxb6 Qf2 0-1

[Event "4NCL/Div2a/KHE vs. WES1"]
[Site "Sunningdale ENG"]
[Date "2009.10.25"]
[Round "2.7"]
[White "Davey, Mark"]
[Black "de Coverly, Roger D"]
[Result "0-1"]
[WhiteElo "2020"]
[BlackElo "2101"]
[PlyCount "124"]
[EventDate "2009.10.25"]
[EventRounds "11"]
[EventCountry "ENG"]
[SourceDate "2009.10.24"]

1. e4 e5 2. Nf3 Nc6 3. Bc4 Be7 4. c3 Nf6 5. d4 d6 6. Nbd2 O-O 7. O-O exd4 8.
cxd4 d5 9. exd5 Nxd5 10. Re1 Bg4 11. Nb3 Bf6 12. Be3 a5 13. h3 Bh5 14. Rc1 Nxe3
15. fxe3 Re8 16. Bb5 Bh4 17. g4 Bxe1 18. gxh5 Bb4 19. d5 Rxe3 20. Kf2 Rxf3+ 21.
Qxf3 Qh4+ 22. Kg2 Ne5 23. Qf5 Bd6 24. Rf1 g6 25. hxg6 hxg6 26. Rf4 gxf5 27.
Rxh4 Ng6 28. Rd4 Nf4+ 29. Kf1 Nxh3 30. Bd7 Nf4 31. Bxf5 a4 32. Nc5 b5 33. Bd7
Ng6 34. Ne4 Be5 35. Rb4 Rd8 36. Bc6 Kg7 37. Rxb5 Rh8 38. Nf2 Rh4 39. Ra5 Rf4
40. Ke2 Rb4 41. Nd3 Nf4+ 42. Nxf4 Bxf4 43. Rxa4 Rxb2+ 44. Kf3 Bd6 45. Ra8 f5
46. a4 Rb3+ 47. Ke2 f4 48. Re8 f3+ 49. Kf2 Bc5+ 50. Kg3 f2+ 51. Kg2 Rg3+ 52.
Kxg3 f1=Q 53. Re6 Bd6+ 54. Kg4 Qf4+ 55. Kh5 Qf5+ 56. Kh4 Bc5 57. Kg3 Qf2+ 58.
Kg4 Bd6 59. Kh5 Qf3+ 60. Kg5 Bf4+ 61. Kf5 Bd2+ 62. Ke5 Bc3# 0-1

[Event "4NCL/Div2a/KHE vs. WES1"]
[Site "Sunningdale ENG"]
[Date "2009.10.25"]
[Round "2.8"]
[White "Thilaganathan, Jessica"]
[Black "Haria, Ravi"]
[Result "1/2-1/2"]
[WhiteElo "1900"]
[BlackElo "1828"]
[PlyCount "85"]
[EventDate "2009.10.25"]
[EventRounds "11"]
[EventCountry "ENG"]
[SourceDate "2009.10.24"]

1. d4 Nf6 2. c4 c5 3. d5 b5 4. cxb5 a6 5. bxa6 g6 6. Nc3 Bxa6 7. g3 d6 8. Bg2
Bg7 9. Nf3 Nbd7 10. Rb1 O-O 11. O-O Qc7 12. Re1 Rfb8 13. b3 c4 14. b4 Ng4 15.
Nd4 Qb6 16. e3 Nge5 17. Bf1 Rc8 18. Na4 Qa7 19. f4 Nd3 20. Nc6 Rxc6 21. dxc6
Nxe1 22. cxd7 Bb5 23. Qxe1 Qxa4 24. Qe2 Bxd7 25. Qxc4 Qxa2 26. Qxa2 Rxa2 27. b5
Bf5 28. b6 Ra8 29. b7 Rb8 30. Rb6 Be4 31. Bg2 Bxg2 32. Kxg2 f5 33. Bd2 Kf7 34.
Kf2 Ke6 35. Ke2 Kd7 36. Ba5 Kc7 37. Rb1+ Kc6 38. Rb6+ Kc7 39. Rb3+ Kc6 40. Rb6+
Kc7 41. Rb1+ Kc6 42. Rb6+ Kc7 43. Rb1+ 1/2-1/2

[Event "4NCL/Div2a/WRO2 vs. AMCAD"]
[Site "Sunningdale ENG"]
[Date "2009.10.25"]
[Round "2.1"]
[White "Arnott, Jonathan W"]
[Black "Webb, Richard M"]
[Result "1/2-1/2"]
[WhiteElo "2154"]
[BlackElo "2260"]
[PlyCount "25"]
[EventDate "2009.10.25"]
[EventRounds "11"]
[EventCountry "ENG"]
[SourceDate "2009.10.24"]

1. e4 c5 2. c3 Nf6 3. e5 Nd5 4. Nf3 d6 5. Bc4 e6 6. O-O Nc6 7. d4 cxd4 8. cxd4
Be7 9. Nbd2 O-O 10. Ne4 dxe5 11. dxe5 Qc7 12. Bxd5 exd5 13. Nc3 1/2-1/2

[Event "4NCL/Div2a/WRO2 vs. AMCAD"]
[Site "Sunningdale ENG"]
[Date "2009.10.25"]
[Round "2.2"]
[White "Richardson, Keith B"]
[Black "Shaw, Peter"]
[Result "1-0"]
[WhiteElo "2189"]
[BlackElo "2156"]
[PlyCount "49"]
[EventDate "2009.10.25"]
[EventRounds "11"]
[EventCountry "ENG"]
[SourceDate "2009.10.24"]

1. c4 b6 2. Nc3 Bb7 3. e4 e6 4. Nf3 Bb4 5. Bd3 Ne7 6. O-O O-O 7. a3 Bxc3 8.
dxc3 f5 9. Re1 fxe4 10. Bxe4 Bxe4 11. Rxe4 Nbc6 12. b4 Qe8 13. Qe2 h6 14. Bf4
Rc8 15. Rd1 Ng6 16. Bg3 Qf7 17. h4 Rfe8 18. h5 Nf8 19. b5 Nb8 20. Ne5 Qe7 21.
Bh4 Qc5 22. Qf3 d6 23. Qf7+ Kh8 24. Bf6 gxf6 25. Rg4 1-0

[Event "4NCL/Div2a/WRO2 vs. AMCAD"]
[Site "Sunningdale ENG"]
[Date "2009.10.25"]
[Round "2.3"]
[White "Archer, Richard"]
[Black "Coates, Kenneth G"]
[Result "1/2-1/2"]
[WhiteElo "2066"]
[BlackElo "2220"]
[PlyCount "63"]
[EventDate "2009.10.25"]
[EventRounds "11"]
[EventCountry "ENG"]
[SourceDate "2009.10.24"]

1. d4 d5 2. Nf3 Nf6 3. c4 c6 4. Nc3 dxc4 5. a4 Bf5 6. e3 e6 7. Bxc4 Bb4 8. O-O
Nbd7 9. Qe2 Bg6 10. Bd2 O-O 11. Rfd1 Re8 12. Be1 Qe7 13. Rac1 Rad8 14. Bd3 Bxd3
15. Qxd3 e5 16. dxe5 Nxe5 17. Qe2 Bd6 18. h3 Nxf3+ 19. Qxf3 Qe5 20. g3 Qe6 21.
Kg2 Qb3 22. Qe2 Be5 23. Rxd8 Rxd8 24. Qc2 Qxc2 25. Rxc2 Kf8 26. Rd2 Rxd2 27.
Bxd2 Ke7 28. f4 Bxc3 29. Bxc3 g6 30. Kf3 Nd5 31. Bd4 b6 32. e4 1/2-1/2

[Event "4NCL/Div2a/WRO2 vs. AMCAD"]
[Site "Sunningdale ENG"]
[Date "2009.10.25"]
[Round "2.5"]
[White "Faulks, Nick"]
[Black "Turner, Caius AW"]
[Result "1/2-1/2"]
[WhiteElo "2102"]
[BlackElo "2122"]
[PlyCount "36"]
[EventDate "2009.10.25"]
[EventRounds "11"]
[EventCountry "ENG"]
[SourceDate "2009.10.24"]

1. e4 d6 2. d4 Nf6 3. Nc3 g6 4. Be3 c6 5. Qd2 b5 6. f3 Nbd7 7. O-O-O Bb7 8. h4
Nb6 9. Nh3 a5 10. e5 Nfd5 11. Nxd5 Nxd5 12. Bh6 dxe5 13. Bxf8 Rxf8 14. dxe5 Qb6
15. Qf2 Qxf2 16. Nxf2 O-O-O 17. g3 Kc7 18. Bh3 Ne3 1/2-1/2

[Event "4NCL/Div2a/WRO2 vs. AMCAD"]
[Site "Sunningdale ENG"]
[Date "2009.10.25"]
[Round "2.6"]
[White "Duvall, Ian"]
[Black "Webb, Matthew D"]
[Result "0-1"]
[WhiteElo "2062"]
[BlackElo "1986"]
[PlyCount "104"]
[EventDate "2009.10.25"]
[EventRounds "11"]
[EventCountry "ENG"]
[SourceDate "2009.10.24"]

1. d4 g6 2. Nf3 Bg7 3. Bf4 d6 4. e3 Nd7 5. Bc4 Ngf6 6. Bxf7+ Kxf7 7. Ng5+ Kg8
8. Ne6 Qe8 9. Nxc7 Qd8 10. Nxa8 b6 11. Qf3 Ba6 12. Qc6 Kf7 13. Nc7 Qc8 14. Nc3
Nb8 15. Qa4 Qxc7 16. O-O-O Rc8 17. Kb1 Bc4 18. e4 b5 19. Nxb5 Bxb5 20. Qxb5
Qxc2+ 21. Ka1 Qxe4 22. g3 Nc6 23. Rhe1 Nxd4 24. Rxe4 Nxb5 25. Rb4 a6 26. a4 Na7
27. Be3 a5 28. Rb6 Rc4 29. Kb1 Ng4 30. Rc1 Nxe3 31. fxe3 Rxc1+ 32. Kxc1 Ke6 33.
Ra6 Nc8 34. Rxa5 Nb6 35. b3 Nd5 36. e4 Nc3 37. Kc2 Nxe4 38. b4 d5 39. b5 Bd4
40. Ra6+ Kd7 41. Rc6 e5 42. g4 Nd6 43. h4 h5 44. gxh5 gxh5 45. Kd3 Bf2 46. Rc1
e4+ 47. Ke2 Bb6 48. Rc6 Bd8 49. Rc1 d4 50. Rc5 d3+ 51. Kf1 e3 52. Re5 e2+ 0-1

[Event "4NCL/Div2a/WRO2 vs. AMCAD"]
[Site "Sunningdale ENG"]
[Date "2009.10.25"]
[Round "2.7"]
[White "Whitaker, Thomas R"]
[Black "Hart, David PO"]
[Result "0-1"]
[WhiteElo "1954"]
[BlackElo "2012"]
[PlyCount "98"]
[EventDate "2009.10.25"]
[EventRounds "11"]
[EventCountry "ENG"]
[SourceDate "2009.10.24"]

1. e4 c5 2. Nf3 d6 3. d4 cxd4 4. Nxd4 Nf6 5. Nc3 Nc6 6. f3 Nxd4 7. Qxd4 g6 8.
Be3 Bg7 9. Bc4 O-O 10. Qd2 Bd7 11. O-O Qc7 12. Bb3 b5 13. Bd4 a5 14. Nd5 Nxd5
15. Bxd5 Bxd4+ 16. Qxd4 Rac8 17. c3 e6 18. Bb3 a4 19. Bd1 a3 20. bxa3 Qxc3 21.
Qxc3 Rxc3 22. Bb3 Ra8 23. Rfd1 Rc6 24. Rac1 Rxc1 25. Rxc1 Kf8 26. Kf2 Rxa3 27.
Rc7 Ke7 28. Ke3 Ra6 29. Rc1 Rc6 30. Rd1 Rc5 31. h3 h5 32. Kd4 h4 33. Rf1 g5 34.
Re1 b4 35. Bc4 e5+ 36. Kd3 Be6 37. Bxe6 Kxe6 38. Rb1 Rc3+ 39. Kd2 Ra3 40. Rb2
d5 41. exd5+ Kxd5 42. Ke2 f5 43. Kd1 Kc4 44. Kd2 e4 45. Ke2 e3 46. Rc2+ Rc3 47.
Rb2 f4 48. Ke1 Rc1+ 49. Ke2 Rg1 0-1

[Event "4NCL/Div2a/WRO2 vs. AMCAD"]
[Site "Sunningdale ENG"]
[Date "2009.10.25"]
[Round "2.8"]
[White "Tunstall, George S"]
[Black "Hollingworth, Evie"]
[Result "1/2-1/2"]
[WhiteElo "1978"]
[BlackElo "1874"]
[PlyCount "72"]
[EventDate "2009.10.25"]
[EventRounds "11"]
[EventCountry "ENG"]
[SourceDate "2009.10.24"]

1. d4 Nf6 2. c4 e5 3. dxe5 Ng4 4. Nc3 Nxe5 5. e4 Bc5 6. Bf4 Nbc6 7. Nf3 Ng6 8.
Bg3 d6 9. Be2 O-O 10. O-O Be6 11. Rc1 f5 12. exf5 Bxf5 13. Bd3 Qd7 14. Bxf5
Rxf5 15. Ne4 b6 16. Nxc5 Rxc5 17. Qd2 Qf7 18. b3 Rf5 19. Rc3 Re8 20. Re1 Rf8
21. Re2 Nf4 22. Bxf4 Rxf4 23. Qd5 Qxd5 24. cxd5 Nd4 25. Nxd4 Rxd4 26. g3 Rc8
27. Rec2 Rxd5 28. Rxc7 Rxc7 29. Rxc7 Ra5 30. a4 b5 31. axb5 Rxb5 32. Rxa7 Rxb3
33. Rd7 Rd3 34. Kf1 h6 35. Ke2 Rd5 36. Ke3 Re5+ 1/2-1/2

[Event "4NCL/Div2a/BRJ vs. ANGA"]
[Site "Sunningdale ENG"]
[Date "2009.10.25"]
[Round "2.1"]
[White "Truran, Michael C"]
[Black "Talsma, Paul A"]
[Result "0-1"]
[WhiteElo "2215"]
[BlackElo "2252"]
[PlyCount "72"]
[EventDate "2009.10.25"]
[EventRounds "11"]
[EventCountry "ENG"]
[SourceDate "2009.10.24"]

1. d4 f5 2. Nf3 Nf6 3. Bg5 e6 4. e3 Be7 5. c4 O-O 6. Nc3 d6 7. h3 Ne4 8. Bxe7
Qxe7 9. Qc2 Nxc3 10. Qxc3 a5 11. Be2 Nd7 12. O-O-O b6 13. Nd2 Bb7 14. f3 e5 15.
d5 Nc5 16. g4 f4 17. e4 Bc8 18. h4 Bd7 19. Nb1 Bxg4 20. fxg4 Nxe4 21. Qe1 Nc5
22. g5 e4 23. Bg4 Rae8 24. Qe2 Qe5 25. Nc3 f3 26. Qe3 Qf4 27. Qxf4 Rxf4 28.
Be6+ Nxe6 29. dxe6 e3 30. Rde1 Rxe6 31. Rhf1 f2 32. Re2 Rxc4 33. Kc2 Rg4 34.
Nd5 Rg1 35. Rxe3 Rxf1 36. Rxe6 Re1 0-1

[Event "4NCL/Div2a/BRJ vs. ANGA"]
[Site "Sunningdale ENG"]
[Date "2009.10.25"]
[Round "2.2"]
[White "Player, Edmund C"]
[Black "Richmond, Peter A"]
[Result "0-1"]
[WhiteElo "2149"]
[BlackElo "2247"]
[PlyCount "76"]
[EventDate "2009.10.25"]
[EventRounds "11"]
[EventCountry "ENG"]
[SourceDate "2009.10.24"]

1. e4 Nf6 2. Nc3 e6 3. e5 Nd5 4. Nf3 c5 5. g3 Nxc3 6. dxc3 d5 7. c4 Be7 8. Qe2
O-O 9. Bg2 Nc6 10. O-O Qc7 11. Re1 b6 12. cxd5 exd5 13. c3 Re8 14. Bf4 Be6 15.
Ng5 Bxg5 16. Bxg5 h6 17. Bf4 Rad8 18. b3 d4 19. c4 d3 20. Qf3 Nb4 21. Red1 Qc8
22. Rd2 Bg4 23. Qb7 Qxb7 24. Bxb7 g5 25. Be3 Rxe5 26. Rc1 Rd7 27. Bg2 Nc2 28.
Bf1 Nxe3 29. fxe3 Rxe3 30. Rc3 Be2 31. Bg2 Kg7 32. Kf2 Rde7 33. Rc1 f5 34. Bd5
Bg4 35. Rc3 Re2+ 36. Rxe2 Rxe2+ 37. Kf1 Bh3+ 38. Kg1 d2 0-1

[Event "4NCL/Div2a/BRJ vs. ANGA"]
[Site "Sunningdale ENG"]
[Date "2009.10.25"]
[Round "2.3"]
[White "Padilla Cabero, Pablo"]
[Black "Gregory, Stephen J"]
[Result "1-0"]
[WhiteElo "2169"]
[BlackElo "2126"]
[PlyCount "107"]
[EventDate "2009.10.25"]
[EventRounds "11"]
[EventCountry "ENG"]
[SourceDate "2009.10.24"]

1. e4 d6 2. Nc3 g6 3. g3 Bg7 4. Bg2 c5 5. d3 Nc6 6. Be3 e6 7. Qd2 Rb8 8. Nf3
Nd4 9. Bxd4 cxd4 10. Nb5 e5 11. Qb4 Bf8 12. Qc4 Be7 13. Nc7+ Kf8 14. a4 Bd7 15.
Nd5 Nf6 16. O-O Kg7 17. Nxe7 Qxe7 18. Qb4 Bc6 19. Rfe1 Rhe8 20. c3 dxc3 21.
bxc3 Qc7 22. Nd2 b5 23. a5 d5 24. Qc5 Qb7 25. d4 Nxe4 26. Nxe4 dxe4 27. dxe5
Rbd8 28. a6 Qa8 29. Rad1 Rxd1 30. Rxd1 Qc8 31. Rd6 Ba8 32. Qxb5 e3 33. fxe3
Bxg2 34. Kxg2 Re7 35. c4 Qg4 36. Qb2 Qe4+ 37. Kf2 Rxe5 38. Qd4 f6 39. Qxe4 Rxe4
40. Rd7+ Kh6 41. Rxa7 Rxc4 42. Rb7 Ra4 43. a7 g5 44. g4 Kg6 45. e4 h5 46. h3
hxg4 47. hxg4 Kh6 48. Ke3 Ra1 49. Kd4 f5 50. gxf5 g4 51. f6 g3 52. Rg7 g2 53.
Rxg2 Rxa7 54. e5 1-0

[Event "4NCL/Div2a/BRJ vs. ANGA"]
[Site "Sunningdale ENG"]
[Date "2009.10.25"]
[Round "2.4"]
[White "Munson, Shaun D"]
[Black "Haydon, Richard"]
[Result "1-0"]
[WhiteElo "2172"]
[BlackElo "2184"]
[PlyCount "89"]
[EventDate "2009.10.25"]
[EventRounds "11"]
[EventCountry "ENG"]
[SourceDate "2009.10.24"]

1. d4 d6 2. Nc3 g6 3. e4 Bg7 4. Bg5 c6 5. Qd2 b5 6. O-O-O Qc7 7. Nf3 Bg4 8. h3
Bxf3 9. gxf3 Nd7 10. Kb1 Nb6 11. h4 h5 12. Qe1 Nf6 13. e5 Nfd5 14. Nxd5 Nxd5
15. e6 f5 16. Rg1 Qb6 17. Qd2 b4 18. Ka1 a5 19. Bc4 Rg8 20. Qd3 Bh8 21. Bc1
O-O-O 22. Bg5 Nf6 23. d5 c5 24. Qb3 Kb8 25. Qa4 Rc8 26. Rd3 Ka7 27. Rgd1 Rc7
28. Rb3 Nh7 29. Bd2 Kb8 30. a3 Ra7 31. Rg1 Nf6 32. Be3 Kc7 33. Kb1 Kb8 34. Bg5
Nh7 35. Bd2 Nf6 36. Kc1 Qb7 37. Rd3 Qb6 38. Kd1 Qb7 39. Ke2 Qb6 40. Ra1 Kb7 41.
Be3 Rd8 42. Bb5 Rc8 43. Bc6+ Kb8 44. Rb3 f4 45. axb4 1-0